| 000 | 01086nam a22002537a 4500 | ||
|---|---|---|---|
| 005 | 20170124102939.0 | ||
| 010 | _aA-765754 | ||
| 020 |
_c90.00 _a8186516019 |
||
| 035 | _aA-765754 | ||
| 037 | _bCen Lib/Ret | ||
| 040 |
_aDPL _bHN |
||
| 082 |
_a827 _bपुरीम |
||
| 100 |
_aपुरी, मनोहर _97558 |
||
| 245 |
_aरौंद कर दौड़िए / _cमनोहर पुरी |
||
| 246 |
_aRaund kar daudiye / _bby Manohar Puri |
||
| 260 |
_aनई दिल्ली _bअनमोल साहित्य प्रकाशन _c1995 |
||
| 270 |
_bनई दिल्ली _a13-ए, सूर्या एन्क्लेव, न्यू मुल्तान नगर _e110056 |
||
| 300 |
_a144पृ. _c17सेमी (सजिल्द) |
||
| 650 |
_aहिन्दी -- साहित्य _947933 |
||
| 650 |
_aहिन्दी -- कहानी _9779 |
||
| 650 |
_aHindi -- literature _947934 |
||
| 650 |
_aHindi - story _943117 |
||
| 942 |
_2ddc _cHN _h827 _mपुरीम |
||
| 999 |
_c112505 _d112505 |
||